000 00264nam a22001097a 4500
008 170104b xxu||||| |||| 00| 0 eng d
020 _a0935890769
041 _aeng
080 _25TH ED.
_a618.2
245 _aTrauma Nursing Core Course
_cJacobs, B.B
942 _2udc
_cBK
999 _c2528
_d2528